Agosto /

Gespeichert in:
Bibliographische Detailangaben
1. Verfasser: Fonseca, Rubem
Format: Unbekannt
Sprache:Portuguese
Veröffentlicht: Sao Paulo, Brasil : Companhia das Letras, 1990.
Schlagworte:
Tags: Tag hinzufügen
Keine Tags, Fügen Sie den ersten Tag hinzu!

MARC

LEADER 000000000a22000000004500
001 015782
020 |a 8571641390 
041 0 |a por 
082 0 4 |a Br869.930   |b F676a 
100 1 |a Fonseca, Rubem 
245 1 0 |a Agosto /   |c Rubem Fonseca. 
260 1 |a Sao Paulo, Brasil :   |b Companhia das Letras,   |c 1990. 
300 |a 349 páginas 
650 4 |a ROMANCE BRASILEÑO 
650 4 |a LITERATURA DE BRASIL 
500 |a Colección George Yúdice 
999 |c 21613  |d 21613 
942 |c BK  |h Br869.930 F676a  |2 z